000 00618 a2200169 4500
005 20240516103939.0
010 _aB-759026
035 _aB-759026
037 _bGift/Unesco
082 _a611.7
245 _aBasic Clinical Knowledge and Skills: Anatomy and Physiology Medical History/
_cStudent Text
260 _aU.S.A
_bHealth Manpower Development Staff, John A. Burns School Of Medicine and University of Hawaii, Honolulu, Hawaii, U.S.A
_c1982
270 _aU.S.A
_bU.S.A
300 _a73 p.
_c23cm (Pb)
942 _adpl
_cEN
_2ddc
_h611.7
_mBAS
999 _c202854
_d202854